000 01165nam0a22002891 4500
001 RU\NLR\A1SV\78389
005 20251203171251.9
035 _a(NLR Aleph) 009759848
090 _a10013739
_c10013739
100 _a20050928d1923 u y0rusy50 ca
101 0 _arus
102 _aRU
200 1 _aВременное положение об учете лошадей и Инструкция по военно-повозочной переписи
_e1923 г.
210 _a[Ростов н. Д.
_cТип. "Сов. юг" им. Карла Маркса
_d[1923?]
215 _a53 с.
_d22 см
300 _aС.5: Утв. зам. пред. рев. воен. сов. республики Э.[!]Склянский 28 июля 1923 г.
620 _dРостов-на-Дону
702 1 _7ca
_8rus
_aСклянский
_bЭ. М.
_cреволюц. и воен. деятель
_f1892-1925
_gЭфраим Маркович
_9170652
_3RU\NLR\AUTH\770170702
790 1 _6z01702
_aСклянский
_bС.
801 0 _aRU
_bNLR
_c20050928
852 _aNLR
_j34/2299
852 _aNLR
_j35.48.6.286
899 _aРГБ
942 _cBOOK
980 _aNB
980 _aA1SV